000 00392nam a22001457a 4500
005 20200610134443.0
008 200610b xxu||||| |||| 00| 0 eng d
082 _a345.4 AIR
110 _aALL INDIA REPORTER
_95927
245 _aALL INDIA REPORTER [ 1976] [VOL-63] PUNJAB HARYANA SECTION
260 _bALL INDIA REPORTER ,PVT. LTD.
300 _a126;p
650 _aLAW
_95701
942 _cJRL
999 _c6989
_d6987